000 00285nam a2200121Ia 4500
005 20251222143149.0
008 251222s9999||||xx |||||||||||||| ||spa||
082 _a370.1/F39
100 _aFernández, Manuel
245 0 _aFilosofía de la Educación:
264 _bUcss
942 _cLIB
999 _c12618
_d12618